Mixed Word: 5 Letter A-Z XVI Quiz Stats

Quiz Updated Sep 28, 2017

Challenge
Share
Tweet
Embed
Score 0/26 Timer 03:00
1 Play Today
Scramble Unscramble % Correct
GLOEBGLOBE
98.8%
BTOUAABOUT
98.5%
ETPYMEMPTY
98%
ESHACCHASE
97.4%
OUESMMOUSE
97.4%
LALICLILAC
96.7%
EUGDNNUDGE
96.6%
UREEQQUEER
96.6%
NESJOJONES
96.3%
EUHSOHOUSE
96.3%
REIMPPRIME
96.3%
BNIRABRAIN
96.1%
ROGESOGRES
94.7%
Scramble Unscramble % Correct
DNEMIDENIM
94.4%
NEECFFENCE
93.6%
AWLEHWHALE
92.4%
SIEPNSPINE
91.3%
PRVIEVIPER
90.2%
YROUSYOURS
82.3%
LXYEMXYLEM
73.1%
BMREUUMBER
69.3%
ARIKEKEIRA
68.3%
TIAPRTAPIR
67.4%
NEIRSRESIN
60.1%
IMUILILIUM
59.5%
IDEZAZADIE
34%

You're not logged in!

Compare scores with friends on all Sporcle quizzes.
Join for Free
OR
Log In

You Might Also Like...

Show Comments

Extras

Top Quizzes Today


Score Distribution

Your Account Isn't Verified!

In order to create a playlist on Sporcle, you need to verify the email address you used during registration. Go to your Sporcle Settings to finish the process.

Report this User

Report this user for behavior that violates our Community Guidelines.

Details: